书目信息 |
| 题名: |
史学富矿的课堂凝练
|
|
| 作者: | 姚虹 著 | |
| 分册: | ||
| 出版信息: | 上海 上海社会科学院出版社 2017 |
|
| 页数: | 264页 | |
| 开本: | 24cm | |
| 丛书名: | ||
| 单 册: | ||
| 中图分类: | G633.512 | |
| 科图分类: | ||
| 主题词: | 中学历史课--课堂教学--教学研究--高中 | |
| 电子资源: | ||
| ISBN: | 978-7-5520-1933-9 | |
| 000 | 01011nam0 2200241 450 | |
| 001 | 1301 | |
| 005 | 20180522105146.77 | |
| 010 | @a978-7-5520-1933-9@dCNY59.80 | |
| 100 | @a20170524d2017 em y0chiy50 ea | |
| 101 | 0 | @achi |
| 102 | @aCN@b310000 | |
| 105 | @ay z 000yy | |
| 200 | 1 | @a史学富矿的课堂凝练@9shi xue fu kuang de ke tang ning lian@f姚虹著 |
| 210 | @a上海@c上海社会科学院出版社@d2017 | |
| 215 | @a264页@d24cm | |
| 307 | @a实际页数为:265 | |
| 314 | @a姚虹 (1977-),女,上海青浦人。1999年毕业于上海师范大学历史系。任教于上海市徐汇中学,中学高级教师、上海市世界史学会副秘书长。 | |
| 330 | @a本书由历史思维、课堂经典、汇学源流、国际比较等主体元素构成,体现了高中历史教学理念的最新成果和立意境界。作者以徐汇中学海纳百川的汇学文脉为底蕴,在二十年孜孜探究中形成了自身的教学风格:叙事见人、论史求通、学史重法。 | |
| 606 | 0 | @a中学历史课@x课堂教学@x教学研究@x高中 |
| 690 | @aG633.512@v5 | |
| 701 | 0 | @a姚虹@9yao hong@f(1977-)@4著 |
| 801 | 0 | @aCN@b91MARC@c20170524 |
| 905 | @aMuseLib@dG633.512@e306 | |
| 史学富矿的课堂凝练/姚虹著.-上海:上海社会科学院出版社,2017 |
| 264页;24cm |
| ISBN 978-7-5520-1933-9:CNY59.80 |
| 本书由历史思维、课堂经典、汇学源流、国际比较等主体元素构成,体现了高中历史教学理念的最新成果和立意境界。作者以徐汇中学海纳百川的汇学文脉为底蕴,在二十年孜孜探究中形成了自身的教学风格:叙事见人、论史求通、学史重法。 |
| ● |
| 相关链接 |
|
|
|
|
正题名:史学富矿的课堂凝练
索取号:G633.512/306
 
预约/预借
| 序号 | 登录号 | 条形码 | 馆藏地/架位号 | 状态 | 备注 |
| 1 | 1103706 | 211037064 | 第一样本阅览室/ [索取号:G633.512/306] | 在馆 | |
| 2 | 1103707 | 211037073 | 教育系资料室/ [索取号:G633.512/306] | 在馆 | |
| 3 | 1103708 | 211037082 | 教育系资料室/ [索取号:G633.512/306] | 在馆 | |
| 4 | 1103709 | 211037091 | 教育系资料室/ [索取号:G633.512/306] | 在馆 | |
| 5 | 1103710 | 211037108 | 第四借阅区/ [索取号:G633.512/306] | 在馆 | |
| 6 | 1103711 | 211037117 | 第四借阅区/ [索取号:G633.512/306] | 在馆 |